000 00462nam a22001817a 4500
003 MPLRDC
005 20220104192059.0
008 210129b ||||| |||| 00| 0 eng d
020 _a978-986-301-036-4
082 _a947.415 WW-8
100 _a弯弯
245 _a转个弯,怎样都幸福
_c
250 _a再版三刷
260 _a台湾
_b大众国际书局股份有限公司
_c2012
300 _b
650 _a画册
942 _cBK
_o947.415 WW-8
999 _c64548
_d64538